000
00295nam a2200121Ia 4500
005
20251222144718.0
008
251222s9999||||xx |||||||||||||| ||spa||
020
_a
9972-9184-2-4
082
_a
371.33/M61
245
0
_a
Materiales Educativos:
264
_b
Ministerio de Educación
942
_c
LIB
999
_c
18103
_d
18103